Mining and petroleum geology (Record no. 51289)

MARC details
000 -LEADER
fixed length control field 00643nam a2200157 a 4500
008 - FIXED-LENGTH DATA ELEMENTS--GENERAL INFORMATION
fixed length control field 120416s0000 ||||||||||||||||| || u
020 ## - INTERNATIONAL STANDARD BOOK NUMBER
International Standard Book Number 0900488034
050 ## - LIBRARY OF CONGRESS CALL NUMBER
Classification number TN 871 Com
100 ## - MAIN ENTRY--PERSONAL NAME
Personal name Jones, M. J
245 10 - TITLE STATEMENT
Title Mining and petroleum geology
Statement of responsibility, etc. edited by M. J. Jones
246 ## - VARYING FORM OF TITLE
Title proper/short title proceedings of the ninth commonwealth mining and metallurgical congress 1969, v. 2
260 ## - PUBLICATION, DISTRIBUTION, ETC.
Place of publication, distribution, etc. London
Name of publisher, distributor, etc. The Institution of Mining and Metallurgy
Date of publication, distribution, etc. 1970
300 ## - PHYSICAL DESCRIPTION
Extent xxxvii, 774p. : ill.
350 ## - PRICE (NR) (BK AM CF MU VM SE) [OBSOLETE]
Price 0.00
995 ## - RECOMMENDATION 995 [LOCAL, UNIMARC FRANCE]
-- 0.00
-- CBU-MAIN LIBRARY (Kitwe)
-- 1
-- 8.00
-- AVAILABLE
-- Annex Low-Usage Collection
Holdings
Withdrawn status Lost status Source of classification or shelving scheme Damaged status Not for loan Home library Current library Shelving location Date acquired Total Checkouts Full call number Barcode Date last seen Price effective from Koha item type
          CBU-MAIN LIBRARY, KITWE. CBU-MAIN LIBRARY, KITWE.   11/30/2022   TN 871 Com 016878 11/30/2022 11/30/2022 MONOGRAPH